000 00432nam a2200157Ia 4500
008 230312s9999||||xx |||||||||||||| ||und||
020 _a1-85964-156-3
082 _a720
_bDAM-A
100 _aDamluji;Salma.Samar
245 0 _aArchitecture of the United Arab Emirates
260 _bGarnet Publishing
_aUAE
_c2006
300 _a322
546 _aEng.
650 _aArchitecture
_vArchitecture of the United Arab Emirates
942 _cBK
999 _c9658
_d9658